Sports Quiz

Random Sports or WWE Quiz

WWE Top 50 Superstars of All-Time (clickable) Quiz Stats

 Plays Quiz not verified by Sporcle

Also try: Sports MVPs
Challenge
Share
Tweet
Embed
Score 0/50 Timer 03:00
1 Play Today
% Correct
Triple H
87.7%
The Rock
86.7%
Hulk Hogan
86.7%
Undertaker
86.3%
Steve Austin
86.2%
Shawn Michaels
86.2%
Bret Hart
85.7%
Randy Savage
85.5%
Andre the Giant
85.5%
Ric Flair
85.3%
John Cena
85.2%
Chris Jericho
83.7%
Edge
83.3%
Mick Foley
82.7%
Roddy Piper
82.5%
Kurt Angle
82.5%
Randy Orton
81.6%
Eddie Guerrero
81.5%
Bruno Sammartino
81%
Dusty Rhodes
79.1%
Kane
78.6%
Ricky Steamboat
78%
Big Show
77.3%
Rey Mysterio
75.9%
Bob Backlund
75.8%
% Correct
Sgt. Slaughter
74.6%
Ted Dibiase
74%
Jake Roberts
73.7%
Jimmy Snuka
73.6%
Superstar Billy Graham
72.1%
Iron Sheik
71.7%
Batista
70.3%
Jerry Lawler
67.8%
Curt Hennig
67.5%
Harley Race
66.2%
Jeff Hardy
65.3%
Buddy Rogers
64%
Pat Patterson
63.8%
Rick Rude
63.4%
Gorilla Monsoon
59.3%
Fabulous Moolah
59%
Terry Funk
56.4%
Lou Thesz
54.7%
Killer Kowalski
53.3%
Gorgeous George
51.4%
Junkyard Dog
51.3%
Freddie Blassie
51.2%
Jack Brisco
42.4%
Nick Bockwinkel
41.7%
Dory Funk Jr.
38.2%

You're not logged in!

Compare scores with friends on all Sporcle quizzes.
Join for Free
OR
Log In

You Might Also Like...

Show Comments

Extras

Top Quizzes Today


Score Distribution

Your Account Isn't Verified!

In order to create a playlist on Sporcle, you need to verify the email address you used during registration. Go to your Sporcle Settings to finish the process.

Report this User

Report this user for behavior that violates our Community Guidelines.

Details: